000 00982nam a2200313Ia 4500
003 OSt
005 20220912145351.0
006 a|||||r|||| 00| 0
007 ta
008 220909b |||||||| |||| 00| 0 eng d
020 _a9780470519097 (pbk)
024 _a127356
037 _b8846, 01/03/2007, Overseas Press (India) Pvt. Ltd.
037 _cTextbook
040 _aCSL
_beng
_cCSL
041 _aeng
082 _aH4227, Q1 Carg
100 _aThomas David S G Ed.
245 0 _aArid zone geomorphology:process, form and change in drylands
250 _a3
260 _aChichester
_bWiley-Blackwell
_c2011
300 _axxiv, 624p.
_ccm.
500 _aIncludes bibliographical references.; Index 611-624p.
650 _a Arid regions
650 _a Geomorphology
650 _aGeology
942 _hH4227, Q1 Carg
_cTB
_2CC
999 _c30017
_d30017